Представление документа в формате MARC21

Поле Инд. ПП Название Значение
Тип записи a
Библиографический уровень m
001 Контрольный номер RSL-KNO-004359264
005 Дата корректировки 20211223125529.6
020 a ISBN 978-5-7567-0432-7 (в пер.)
040 a Служба первич. каталог. РКП
c Служба, преобразующая запись НБ ТвГУ
e Правила каталог. rcr
041 0_ a Код языка текста rus
080 a Индекс УДК 070(075.8)
084 a Индекс другой классификации/Индекс ББК Ч612я73-1
090 a Полочн. индекс Ч612
x Авторский знак Т 43
245 10 a Заглавие Типология периодической печати
b Продолж. заглавия учебное пособие для студентов высших учебных заведений, обучающихся по специальности 030601 "Журналистика"
c Ответственность под ред. М. В. Шкондина, Л. Л. Реснянской
260 a Место издания Москва
b Издательство Аспект Пресс
c Дата издания 2009
300 a Объем 234, [2] с.
b Иллюстрации/ тип воспроизводства табл.
500 a Примечание Авт. указаны на обороте тит. л.
504 a Библиография Библиогр. в конце кн. и в подстроч. примеч.
520 0_ a Аннотация В пособии на основе системного подхода исследуется состояние и развитие типологической структуры печатных средств массовой информации. Особое внимание уделяется процессам формирования типологических групп газетной и журнальной периодики, методологии и методике типологического анализа изданий. Особое место отведено проблематике профилирования газет и журналов, обусловленного целым рядом факторов, влияющих на функционирование СМИ в условиях информационного рынка и изменяющейся информационной среды. Для преподавателей и студентов факультетов журналистики, исследователей, работников СМИ.
650 04 a Основная рубрика Периодическая печать
x Основная подрубрика Типология
x Основная подрубрика Учебники для вузов
653 0_ a Ключевые слова Газетные издания
a Ключевые слова Деловая пресса
a Ключевые слова Детская периодика
a Ключевые слова Женская периодика
a Ключевые слова Журналы
a Ключевые слова Молодежная периодика
a Ключевые слова Мужская периодика
a Ключевые слова Периодическая печать
a Ключевые слова Рекламная пресса
a Ключевые слова Религиозная периодика
a Ключевые слова Спортивная периодика
a Ключевые слова Типология периодической печати
a Ключевые слова Экологическая периодика
700 1_ a Другие авторы Аникина Мария Евгеньевна
q Полное имя Аникина, М. Е.
700 1_ a Другие авторы Баранов Вячеслав Владимирович
q Полное имя Баранов, В. В.
700 1_ a Другие авторы Воронова О. А.
q Полное имя Воронова, О. А.
700 1_ a Другие авторы Шкондин Михаил Васильевич
q Полное имя Шкондин, М. В.
700 1_ a Другие авторы Реснянская Людмила Леонидовна
q Полное имя Реснянская, Л. Л.
901 t Тип документа m
920 a Оператор Стру
930 a Новая/Ретро учебники
952 c Вид литературы К ру
954 a Дата поступления на обработку 20100205